| 000 | 01427nam a22002657a 4500 | ||
|---|---|---|---|
| 003 | UA-OsUOA | ||
| 001 | 132371 | ||
| 007 | ta | ||
| 008 | 20180724b un ||||| |||| 00| 0 ukr d | ||
| 090 | _bІ-78 | ||
| 942 | _cMGN | ||
| 040 |
_aUA-OsUOA _beng _cUA-OsUOA _dUA-OsUOA |
||
| 245 | _aInternational Journal of Innovation | ||
| 955 | _a1 | ||
| 041 | _aeng | ||
| 022 | _a2318-9975 | ||
| 856 | 4 | 0 | _uhttp://www.journaliji.org/index.php/iji/issue/view/9/showToc |
| 520 | 3 | _aThe International Journal of Innovation (IJI Journal) comes out as a result of efforts of researchers linked to distinct nuclei and research/studying groups in Universities around the world. It is an academic publication vehicle on innovation at large | |
| 520 | 3 | _a. IJI Journal comes out to support scientific research and state-of-the-art knowledge, Regional or national economic development/policies related to innovation, Regional innovation strategies. The journal adopts a rather multifaceted approach to t | |
| 520 | 3 | _ahe many challenges facing innovation than a narrow or single target on related areas. The journal is international in character and welcomes contributions to the knowledge on innovation with international scope in Emerging Economies as well. It is an o | |
| 520 | 3 | _apen, peer-blinded reviewed research-based journal, abiding by the best editorial practices and norms. | |
| 260 | _c2017 | ||
| 246 | 3 | 1 |
_a1 _n |
| 650 | 7 | _2UDC | |
| 999 |
_c420929 _d420929 |
||